[Event "SVK-chT2A 1819"]
[Site "Slovakia"]
[Date "2019.04.06"]
[Round "10.2"]
[White "Jablonicky, Martin"]
[Black "Bronis, Marian"]
[Result "1-0"]
[WhiteElo "2322"]
[BlackElo "2085"]
[PlyCount "63"]
[EventDate "2018.10.13"]
[EventType "team-tourn"]
[EventRounds "11"]
[EventCountry "SVK"]
[SourceTitle "EXT 2020"]
[Source "ChessBase"]
[SourceDate "2019.10.17"]
[SourceVersion "1"]
[SourceVersionDate "2019.10.17"]
[SourceQuality "1"]
[WhiteTeam "Osuske II"]
[BlackTeam "Krasnany"]
[WhiteTeamCountry "SVK"]
[BlackTeamCountry "SVK"]

1. d4 d5 2. c4 Nc6 3. cxd5 Qxd5 4. Nf3 e5 5. Nc3 Bb4 6. Bd2 Bxc3 7. Bxc3 e4 8. Ne5 Nxe5 9. dxe5 Qxd1+ 10. Rxd1 Be6 11. b3 Rd8 12. Rxd8+ Kxd8 13. g3 Ne7 14. Bg2 Nd5 15. Bd4 e3 16. f4 b6 17. f5 Nb4 18. 0-0 Bd5 19. Bxe3 Bxg2 20. Kxg2 Re8 21. Bf4 Nxa2 22. Kf3 a5 23. h4 h5 24. Rg1 c5 25. g4 hxg4+ 26. Rxg4 b5 27. Rxg7 a4 28. bxa4 b4 29. Rxf7 b3 30. Rb7 Nb4 31. e6 b2 32. Bd6 1-0

[Event "Banska Stiavnica V4 op"]
[Site "Banska Stiavnica"]
[Date "2018.07.12"]
[Round "6"]
[White "Vojtek, Vladimir"]
[Black "Bronis, Marian"]
[Result "1-0"]
[WhiteElo "2310"]
[BlackElo "2101"]
[PlyCount "35"]
[EventDate "2018.07.07"]
[EventType "swiss"]
[EventRounds "9"]
[EventCountry "SVK"]
[SourceTitle "CBM 185 Extra"]
[Source "ChessBase"]
[SourceDate "2018.07.29"]
[SourceVersion "1"]
[SourceVersionDate "2018.07.29"]
[SourceQuality "1"]

1. e4 Nc6 2. d4 d5 3. Nc3 e6 4. Nf3 Bb4 5. e5 b6 6. Bd3 Bb7 7. 0-0 Qd7 8. Ne2 a5 9. b3 Ba6 10. c4 a4 11. cxd5 Qxd5 12. Nf4 Qa5 13. Bxa6 Rxa6 14. d5 Nd8 15. Qd3 Ne7 16. a3 axb3 17. Bb2 Bc5 18. dxe6 1-0

[Event "Banska Stiavnica V4 op"]
[Site "Banska Stiavnica"]
[Date "2018.07.11"]
[Round "5"]
[White "Bronis, Marian"]
[Black "Chrenko, Kristian"]
[Result "1-0"]
[WhiteElo "2101"]
[BlackElo "1992"]
[PlyCount "47"]
[EventDate "2018.07.07"]
[EventType "swiss"]
[EventRounds "9"]
[EventCountry "SVK"]
[SourceTitle "CBM 185 Extra"]
[Source "ChessBase"]
[SourceDate "2018.07.29"]
[SourceVersion "1"]
[SourceVersionDate "2018.07.29"]
[SourceQuality "1"]

1. d4 d5 2. Nf3 Nf6 3. c4 c6 4. e3 a6 5. Bd3 Bg4 6. 0-0 Nbd7 7. Nbd2 e6 8. b3 Be7 9. Bb2 0-0 10. Qc2 Bxf3 11. Nxf3 g6 12. Qe2 Ne4 13. Ne1 Bd6 14. f4 f5 15. g4 Kf7 16. Nf3 Be7 17. Kh1 Rg8 18. Bxe4 dxe4 19. Ne5+ Nxe5 20. fxe5 Bg5 21. Rad1 Qa5 22. gxf5 gxf5 23. d5 cxd5 24. cxd5 1-0

[Event "SVK-chT2A 1718"]
[Site "Slovakia"]
[Date "2018.02.04"]
[Round "7.2"]
[White "Takacs, Laszlo"]
[Black "Bronis, Marian"]
[Result "1-0"]
[WhiteElo "2231"]
[BlackElo "2081"]
[PlyCount "99"]
[EventDate "2017.10.28"]
[EventType "team-tourn"]
[EventRounds "11"]
[EventCountry "SVK"]
[SourceTitle "EXT 2019"]
[Source "ChessBase"]
[SourceDate "2018.10.10"]
[SourceVersion "1"]
[SourceVersionDate "2018.10.10"]
[SourceQuality "1"]
[WhiteTeam "Potonska Veza"]
[BlackTeam "Krasnany"]
[WhiteTeamCountry "SVK"]
[BlackTeamCountry "SVK"]

1. e4 c5 2. Nf3 a6 3. c3 e6 4. d4 d5 5. exd5 exd5 6. Bd3 Bd6 7. 0-0 Ne7 8. Bg5 0-0 9. dxc5 Bxc5 10. Qc2 h6 11. Bh4 Nbc6 12. Nbd2 g5 13. Nb3 Bb6 14. Bg3 f5 15. h3 f4 16. Bh2 Bf5 17. Rfe1 Rc8 18. Bxf5 Nxf5 19. Rad1 Qd6 20. a3 Rcd8 21. c4 Nce7 22. c5 Qc7 23. Nfd4 Nxd4 24. Nxd4 Qxc5 25. Qxc5 Bxc5 26. Ne6 Bd6 27. g3 Kf7 28. Nxd8+ Rxd8 29. gxf4 Rg8 30. fxg5 Rxg5+ 31. Kh1 Bc5 32. Rd3 Rf5 33. f3 d4 34. b4 Ba7 35. Bd6 Nc6 36. f4 Rd5 37. Bc7 Ne7 38. Kg2 Rd7 39. Be5 Nf5 40. Kf3 Rd8 41. Rc1 Ke6 42. Rc7 Bb8 43. Rxb7 Bxe5 44. fxe5 Kxe5 45. Rc7 Nh4+ 46. Ke2 Rg8 47. Re7+ Kd6 48. Ra7 Rg2+ 49. Kf1 Ke5 50. Re7+ 1-0

[Event "SVK-chT2A 1718"]
[Site "Slovakia"]
[Date "2017.10.29"]
[Round "2.2"]
[White "Karas, Marek"]
[Black "Bronis, Marian"]
[Result "1-0"]
[WhiteElo "2196"]
[BlackElo "2081"]
[PlyCount "44"]
[EventDate "2017.10.28"]
[EventType "team-tourn"]
[EventRounds "11"]
[EventCountry "SVK"]
[SourceTitle "EXT 2019"]
[Source "ChessBase"]
[SourceDate "2018.10.10"]
[SourceVersion "1"]
[SourceVersionDate "2018.10.10"]
[SourceQuality "1"]
[WhiteTeam "Osuske II"]
[BlackTeam "Krasnany"]
[WhiteTeamCountry "SVK"]
[BlackTeamCountry "SVK"]

1. g3 g6 2. Bg2 Bg7 3. c4 d6 4. Nc3 f5 5. d4 Nf6 6. Nh3 0-0 7. d5 Nbd7 8. Nf4 Nc5 9. h4 Bd7 10. h5 Be8 11. hxg6 hxg6 12. Be3 Bf7 13. Nd3 Nxd3+ 14. Qxd3 e5 15. dxe6 Bxe6 16. Bh6 Ng4 17. Bxg7 Kxg7 18. Bxb7 Rb8 19. Bd5 Rh8 20. Rxh8 Qxh8 21. Qd4+ Kf7 22. Qxa7 Qe5 1-0

[Event "Banska Stiavnica V4 op"]
[Site "Banska Stiavnica"]
[Date "2017.07.10"]
[Round "3"]
[White "Slaba, Andrea"]
[Black "Bronis, Marian"]
[Result "1/2-1/2"]
[WhiteElo "1905"]
[BlackElo "2089"]
[PlyCount "50"]
[EventDate "2017.07.08"]
[EventType "swiss"]
[EventRounds "9"]
[EventCountry "SVK"]
[SourceTitle "CBM 179 Extra"]
[Source "ChessBase"]
[SourceDate "2017.08.23"]
[SourceVersion "1"]
[SourceVersionDate "2017.08.23"]
[SourceQuality "1"]

1. Nf3 g6 2. g3 Bg7 3. Bg2 d6 4. d4 Nf6 5. 0-0 0-0 6. c4 Nbd7 7. Nc3 e5 8. e3 Re8 9. Qb3 c6 10. Rd1 Qc7 11. a4 a5 12. Qc2 exd4 13. Nxd4 Nc5 14. f3 Nfd7 15. Nb3 Nxb3 16. Qxb3 Nc5 17. Qc2 Bf5 18. e4 Be6 19. Ne2 f5 20. Nf4 fxe4 21. Nxe6 Nxe6 22. fxe4 Qb6+ 23. Kh1 Be5 24. Ra3 Rf8 25. Be3 c5 1/2-1/2

[Event "SVK-chT2A 1617"]
[Site "Slovakia"]
[Date "2016.11.05"]
[Round "3.2"]
[White "Bronis, Marian"]
[Black "Danada, Tomas"]
[Result "1/2-1/2"]
[WhiteElo "2117"]
[BlackElo "2244"]
[PlyCount "40"]
[EventDate "2016.10.08"]
[EventType "team-tourn"]
[EventRounds "11"]
[EventCountry "SVK"]
[SourceTitle "CBM 175 Extra"]
[Source "ChessBase"]
[SourceDate "2016.12.12"]
[SourceVersion "1"]
[SourceVersionDate "2016.12.12"]
[SourceQuality "1"]
[WhiteTeam "Krasnany"]
[BlackTeam "Sered MSK"]
[WhiteTeamCountry "SVK"]
[BlackTeamCountry "SVK"]

1. d4 g6 2. c4 Bg7 3. Nc3 c5 4. d5 f5 5. Nf3 Bxc3+ 6. bxc3 Qa5 7. Qc2 Nf6 8. Bh6 d6 9. e3 Nbd7 10. Be2 Nb6 11. 0-0 Bd7 12. a4 Ne4 13. Ra3 e5 14. Ne1 Rg8 15. f3 Nf6 16. Bg5 Kf7 17. g4 Rg7 18. Bh6 Rgg8 19. Bg5 Rg7 20. Bh6 Rgg8 1/2-1/2

[Event "SVK-chT1W 1617"]
[Site "Slovakia"]
[Date "2016.10.16"]
[Round "2.5"]
[White "Chovanec, Milan"]
[Black "Bronis, Marian"]
[Result "1/2-1/2"]
[WhiteElo "2107"]
[BlackElo "2117"]
[PlyCount "81"]
[EventDate "2016.10.15"]
[EventType "team-tourn"]
[EventRounds "11"]
[EventCountry "SVK"]
[SourceTitle "CBM 175 Extra"]
[Source "ChessBase"]
[SourceDate "2016.12.12"]
[SourceVersion "1"]
[SourceVersionDate "2016.12.12"]
[SourceQuality "1"]
[WhiteTeam "Povazska Bystrica"]
[BlackTeam "Bratislava Lokomotiva"]
[WhiteTeamCountry "SVK"]
[BlackTeamCountry "SVK"]

1. e4 c5 2. Nc3 e6 3. f4 d5 4. d3 Nc6 5. Bd2 a6 6. Nf3 d4 7. Ne2 Nf6 8. g3 Be7 9. Bg2 e5 10. 0-0 exf4 11. gxf4 0-0 12. Ng3 Bg4 13. h3 Nh5 14. Be1 Nxg3 15. Bxg3 Bh5 16. Qd2 f5 17. e5 Qd7 18. a3 Nd8 19. Kh2 Ne6 20. Rg1 Rad8 21. Qf2 b5 22. Nd2 Qc7 23. Bh4 Rfe8 24. Bxe7 Rxe7 25. h4 Bg4 26. b3 Nf8 27. Bh3 h5 28. Bg2 Ne6 29. Rge1 Qb6 30. a4 Ra7 31. Ra2 Rdd7 32. Rea1 Kh8 33. Kg3 Nf8 34. Bh1 Kh7 35. Qg2 Ne6 36. Qc6 Qa5 37. Nf1 Nd8 38. Qg2 Qb6 39. Nd2 Rdc7 40. Qf2 Rd7 41. Qg2 1/2-1/2

[Event "Banska Stiavnica V4 op"]
[Site "Banska Stiavnica"]
[Date "2016.07.08"]
[Round "7"]
[White "Gazik, Igor"]
[Black "Bronis, Marian"]
[Result "1-0"]
[WhiteElo "2311"]
[BlackElo "2123"]
[PlyCount "61"]
[EventDate "2016.07.02"]
[EventType "swiss"]
[EventRounds "9"]
[EventCountry "SVK"]
[SourceTitle "CBM 173 Extra"]
[Source "ChessBase"]
[SourceDate "2016.08.29"]
[SourceVersion "1"]
[SourceVersionDate "2016.08.29"]
[SourceQuality "1"]

1. e4 g6 2. d4 Nf6 3. e5 Nh5 4. Nf3 d6 5. Bc4 d5 6. Be2 e6 7. g4 Ng7 8. Bh6 Rg8 9. Ng5 Nf5 10. gxf5 Bxh6 11. Nxh7 Nd7 12. fxe6 fxe6 13. h4 Qe7 14. Ng5 Bxg5 15. hxg5 Qxg5 16. Nd2 Nf8 17. Nf3 Qe7 18. Qd2 Bd7 19. 0-0-0 0-0-0 20. Rdg1 Be8 21. Ng5 Kb8 22. Rg3 a6 23. Rb3 Ka7 24. f4 c5 25. dxc5 Qxc5 26. Ne4 Qc7 27. Qd4+ Ka8 28. Nd6 Bc6 29. Rhh3 Qa5 30. Rhc3 Rh8 31. Ra3 1-0

[Event "SVK-chT2A 1516"]
[Site "Slovakia"]
[Date "2016.01.24"]
[Round "7.3"]
[White "Vrbova, Niki"]
[Black "Bronis, Marian"]
[Result "1-0"]
[WhiteElo "2150"]
[BlackElo "2125"]
[PlyCount "53"]
[EventDate "2015.10.17"]
[EventType "team-tourn"]
[EventRounds "11"]
[EventCountry "SVK"]
[SourceTitle "CBM 170 Extra"]
[Source "ChessBase"]
[SourceDate "2016.02.25"]
[SourceVersion "1"]
[SourceVersionDate "2016.02.25"]
[SourceQuality "1"]
[WhiteTeam "Bratislava Doprastav II"]
[BlackTeam "Krasnany"]
[WhiteTeamCountry "SVK"]
[BlackTeamCountry "SVK"]

1. e4 g6 2. d3 e5 3. f4 d6 4. Nf3 Bg7 5. c3 Nc6 6. Be2 Nge7 7. 0-0 0-0 8. a4 Be6 9. Ng5 d5 10. fxe5 dxe4 11. Nxe6 fxe6 12. d4 Rxf1+ 13. Qxf1 Nd5 14. Bg4 Qe7 15. Qe2 e3 16. Bxe3 Nxe3 17. Qxe3 h5 18. Bf3 Kh7 19. Nd2 Bh6 20. Qe2 Na5 21. Ne4 Rd8 22. Rf1 b6 23. b4 Nb3 24. Qc2 Nxd4 25. cxd4 Rxd4 26. Nf6+ Kg7 27. Bxh5 1-0

[Event "SVK-chT2A 1516"]
[Site "Slovakia"]
[Date "2015.11.08"]
[Round "4.2"]
[White "Karas, Marek"]
[Black "Bronis, Marian"]
[Result "1-0"]
[WhiteElo "2288"]
[BlackElo "2125"]
[PlyCount "123"]
[EventDate "2015.10.17"]
[EventType "team-tourn"]
[EventRounds "11"]
[EventCountry "SVK"]
[SourceTitle "CBM 169 Extra"]
[Source "ChessBase"]
[SourceDate "2015.12.18"]
[SourceVersion "1"]
[SourceVersionDate "2015.12.18"]
[SourceQuality "1"]
[WhiteTeam "Bratislava KSN"]
[BlackTeam "Krasnany"]
[WhiteTeamCountry "SVK"]
[BlackTeamCountry "SVK"]

1. d4 e6 2. c4 c5 3. d5 exd5 4. cxd5 d6 5. Nc3 a6 6. a4 g6 7. Nf3 Bg7 8. g3 Nf6 9. Bg2 0-0 10. 0-0 Re8 11. Nd2 Nbd7 12. Nc4 Ne5 13. Nxe5 Rxe5 14. Bf4 Re8 15. Re1 Nh5 16. Bd2 Rb8 17. Rb1 f5 18. b4 f4 19. bxc5 Bf5 20. Rc1 dxc5 21. Bxf4 Nxf4 22. gxf4 Qh4 23. e3 b5 24. axb5 axb5 25. d6 c4 26. d7 Red8 27. Qd5+ Kh8 28. Nxb5 Bxd7 29. Nd6 Be8 30. Rxc4 Qe7 31. Re4 Qc7 32. Rxe8+ Rxe8 33. Nxe8 Rxe8 34. Rd1 Qc2 35. Bf3 Qb2 36. Qf7 Rf8 37. Qe7 Qf6 38. Qc7 g5 39. Rd4 Qg6 40. Be4 Qh5 41. Rd8 gxf4 42. Rxf8+ Bxf8 43. Qxf4 Be7 44. Bd3 Kg7 45. Qd4+ Kh6 46. Qd7 Qg5+ 47. Kf1 Kg7 48. Qh3 h5 49. Qf3 Bd6 50. h3 Qe5 51. Qb7+ Bc7 52. Ke2 Kf6 53. f4 Qa5 54. Kf3 Qc5 55. Qe4 Bb6 56. h4 Kg7 57. Qg6+ Kf8 58. Qf6+ Kg8 59. Qe6+ Kf8 60. Bg6 Qc7 61. Bxh5 Qb7+ 62. e4 1-0

[Event "SVK-chT2A 1415"]
[Site "Slovakia"]
[Date "2014.12.07"]
[Round "6.1"]
[White "Bronis, Marian"]
[Black "Rohacek, Miroslav"]
[Result "1-0"]
[WhiteElo "2157"]
[BlackElo "2272"]
[PlyCount "93"]
[EventDate "2014.10.11"]
[EventType "team-tourn"]
[EventRounds "11"]
[EventCountry "SVK"]
[SourceTitle "EXT 2016"]
[Source "ChessBase"]
[SourceDate "2015.10.08"]
[SourceVersion "1"]
[SourceVersionDate "2015.10.08"]
[SourceQuality "1"]
[WhiteTeam "Bratislava Krasnany"]
[BlackTeam "Bratislava KSN"]
[WhiteTeamCountry "SVK"]
[BlackTeamCountry "SVK"]

1. d4 d5 2. c4 e6 3. Nc3 Nf6 4. cxd5 exd5 5. Bg5 Be7 6. e3 0-0 7. Qc2 Nbd7 8. Bd3 h6 9. Bf4 c6 10. h3 Re8 11. Nf3 Nf8 12. 0-0-0 Ne6 13. Bh2 c5 14. Kb1 c4 15. Bf5 g6 16. Bxg6 fxg6 17. Qxg6+ Ng7 18. g4 Rf8 19. Bf4 Nfe8 20. Qc2 a6 21. Ne5 b5 22. Nc6 Qd7 23. Nxe7+ Qxe7 24. Nxd5 Qe6 25. Nc3 b4 26. d5 Qb6 27. Ne4 Bd7 28. Qxc4 Rc8 29. Qd4 Qg6 30. Ka1 Ba4 31. Rc1 Rd8 32. Qxb4 Bb5 33. Rhd1 Be2 34. Rd4 Bf3 35. Rc6 Qf7 36. Rxh6 Rxd5 37. Ng5 Rxd4 38. Qxd4 Qb7 39. Nxf3 Qxf3 40. Qc4+ Rf7 41. a3 a5 42. g5 Kf8 43. Rh8+ Ke7 44. Qc5+ Kd7 45. Qa7+ Ke6 46. Rh6+ Nf6 47. Qb6+ 1-0

[Event "SVK-chT2A 1314"]
[Site "Slovakia"]
[Date "2014.02.01"]
[Round "7.3"]
[White "Bronis, Marian"]
[Black "Kralovic, Andrej"]
[Result "1/2-1/2"]
[WhiteElo "2175"]
[BlackElo "2172"]
[PlyCount "81"]
[EventDate "2013.10.19"]
[EventType "team-tourn"]
[EventRounds "11"]
[EventCountry "SVK"]
[SourceTitle "EXT 2015"]
[Source "ChessBase"]
[SourceDate "2014.11.20"]
[SourceVersion "1"]
[SourceVersionDate "2014.11.20"]
[SourceQuality "1"]
[WhiteTeam "Krasnany"]
[BlackTeam "Bratislava KSN"]
[WhiteTeamCountry "SVK"]
[BlackTeamCountry "SVK"]

1. d4 Nf6 2. c4 e6 3. g3 d5 4. Bg2 Be7 5. Nf3 0-0 6. 0-0 dxc4 7. Qc2 a6 8. a4 Bd7 9. Qxc4 Bc6 10. Rd1 Nbd7 11. Nc3 Nb6 12. Qb3 Nbd5 13. Bd2 a5 14. Nb5 Nb4 15. Nc3 Ra6 16. Bf4 Rb6 17. Qc4 Nbd5 18. Ne5 Nxf4 19. Bxc6 Nh3+ 20. Kg2 Nxf2 21. Kxf2 bxc6 22. Nxc6 Qd6 23. Nxe7+ Qxe7 24. h3 Rxb2 25. Rab1 Rc2 26. Rd3 Ne4+ 27. Ke1 Rd8 28. Re3 Nd2 29. Nd5 exd5 30. Qxd5 Qf6 31. Kd1 g6 32. Rb8 Qf1+ 33. Kxc2 Rxb8 34. Kxd2 Rb2+ 35. Kd3 Qd1+ 36. Ke4 Qh1+ 37. Ke5 Qxh3 38. Qd8+ Kg7 39. Qf6+ Kh6 40. Qf4+ Kg7 41. Qf6+ 1/2-1/2